International organizations and their exercise of sovereign powers / (Record no. 17308)
[ view plain ]
| 000 -LEADER | |
|---|---|
| fixed length control field | 00937cam a22002775a 4500 |
| 001 - CONTROL NUMBER | |
| control field | 013618380 |
| 003 - CONTROL NUMBER IDENTIFIER | |
| control field | OSt |
| 005 - DATE AND TIME OF LATEST TRANSACTION | |
| control field | 20171024120003.0 |
| 008 - FIXED-LENGTH DATA ELEMENTS--GENERAL INFORMATION | |
| fixed length control field | 061130r20072013enk frb f001 0 eng d |
| 020 ## - INTERNATIONAL STANDARD BOOK NUMBER | |
| International Standard Book Number | 9780199225774 |
| 040 ## - CATALOGING SOURCE | |
| Original cataloging agency | EG-ScBUE |
| Language of cataloging | eng |
| Transcribing agency | EG-ScBUE |
| Modifying agency | EG-ScBUE |
| 082 04 - DEWEY DECIMAL CLASSIFICATION NUMBER | |
| Classification number | 341.2 |
| Edition number | 22 |
| Item number | SAR |
| 100 1# - MAIN ENTRY--PERSONAL NAME | |
| Personal name | Sarooshi, Dan. |
| 9 (RLIN) | 32658 |
| 245 10 - TITLE STATEMENT | |
| Title | International organizations and their exercise of sovereign powers / |
| Statement of responsibility, etc | Dan Sarooshi ; preface by Rosalyn Higgins. |
| 260 ## - PUBLICATION, DISTRIBUTION, ETC. (IMPRINT) | |
| Place of publication, distribution, etc | Oxford : |
| Name of publisher, distributor, etc | Oxford University Press, |
| Date of publication, distribution, etc | 2013. |
| 300 ## - PHYSICAL DESCRIPTION | |
| Extent | xvii, 151 p. ; |
| Dimensions | 24 cm. |
| 490 0# - Series Statement | |
| Series statement | Oxford monographs in international law |
| 500 ## - GENERAL NOTE | |
| General note | Originally published : 2005. |
| 504 ## - BIBLIOGRAPHY, ETC. NOTE | |
| Bibliography, etc | Includes bibliographical references and index. |
| 650 #7 - SUBJECT ADDED ENTRY--TOPICAL TERM | |
| Topical term or geographic name as entry element | International agencies. |
| 9 (RLIN) | 10516 |
| Source of heading or term | BUEsh |
| 651 ## - SUBJECT ADDED ENTRY--GEOGRAPHIC NAME | |
| Source of heading or term | BUEsh |
| 653 ## - INDEX TERM--UNCONTROLLED | |
| Resource For college | BAEPS, Political Science |
| Arrived date list | February2013 |
| -- | October2017 |
| 655 ## - INDEX TERM--GENRE/FORM | |
| Form subdivision | Text book |
| -- | 33728 |
| 700 1# - ADDED ENTRY--PERSONAL NAME | |
| Personal name | Higgins, Rosalyn. |
| 9 (RLIN) | 37349 |
| 942 ## - ADDED ENTRY ELEMENTS (KOHA) | |
| Source of classification or shelving scheme | Dewey Decimal Classification |
| Item type | Book - Borrowing |
| Withdrawn status | Item status | Source of classification or shelving scheme | Damaged status | Not for loan | Vendor | Home library | Current library | Shelving location | Date acquired | Total Checkouts | Total Renewals | Full call number | Barcode | Checked out | Date last seen | Date last borrowed | Koha item type | Source of acquisition | Cost, normal purchase price |
|---|---|---|---|---|---|---|---|---|---|---|---|---|---|---|---|---|---|---|---|
| Dewey Decimal Classification | Baccah | Central Library | Central Library | First floor | 19/02/2013 | 2 | 3 | 341.2 SAR | 000028318 | 05/02/2022 | 05/01/2022 | 05/01/2022 | Book - Borrowing | ||||||
| Dewey Decimal Classification | Baccah | Central Library | Central Library | First floor | 19/02/2013 | 2 | 17 | 341.2 SAR | 000028319 | 15/07/2025 | 02/12/2021 | Book - Borrowing | |||||||
| Dewey Decimal Classification | Baccah | Central Library | Central Library | First floor | 19/02/2013 | 3 | 14 | 341.2 SAR | 000028320 | 15/07/2025 | 17/08/2017 | Book - Borrowing | |||||||
| Dewey Decimal Classification | Baccah | Central Library | Central Library | First floor | 19/02/2013 | 4 | 15 | 341.2 SAR | 000028321 | 15/07/2025 | 27/09/2016 | Book - Borrowing | |||||||
| Dewey Decimal Classification | Baccah | Central Library | Central Library | First floor | 24/10/2017 | 341.2 SAR | 000042205 | 15/07/2025 | NB - Book (Non borrowing) | Purchase | 1050.00 |